000 00957nam a22002417a 4500
003 KOHA_MİRAKIL
005 20260413115434.0
008 260408b tu ||||| |||| 00| 0 tur d
020 _a9786058967250
040 _aTR-AnABB
_btur
_cTR-AnABB
041 _atur
082 _a305.8915970561
_bBIL 2012
100 1 _aBilgiç, Mehmet Sadi
245 1 0 _aTürkiye'de Kürtler ve toplumsal algılar /
_cMehmet Sadi Bilgiç, Salih Akyürek
260 _aİstanbul :
_bBilgesam yayınları,
_c2012
300 _a377 sayfa ;
_c20 cm
505 _aİçindekiler: Kürtler ve Türkler ne düşünüyor - Demokratik açılım süreci ve demokratik özerklik talepleri - Kürt sorununu etkileyen faktörler ve çözüm parametreleri - Seçilmiş mülakat metinleri
650 0 4 _aSosyal durum
650 0 4 _aSosyal durum, Kürtler , Türkiye
700 1 _aSalih Akyürek,
_eyazar
_93360
900 _bCan ÇELIK
942 _2ddc
_cBK
999 _c10194
_d10194